Managing employee safety & health : leader's guide

Bibliographic Details
Format: Book
Published: Chattanoga, Tenn. : Tel-A-Train , c[1991?]
Subjects:

MARC

LEADER 00000cam a2200000 7i4500
001 0000006762
005 20021119093000.0
008 021119n
090 0 0 |a T55   |b .M264 
245 0 0 |a Managing employee safety & health :   |b leader's guide 
260 2 |a Chattanoga, Tenn. :   |b Tel-A-Train ,   |c c[1991?] 
300 |a 2 v. (loose-leaf) ; ;   |c 30 cm. 
650 0 |a Industrial safety 
999 |a 1000070259   |b Book   |c OPEN SHELF (30 DAYS)   |e Gong Badak Campus 
999 |a 1000070832   |b Book   |c OPEN SHELF (30 DAYS)   |e Gong Badak Campus